000 00334nam a2200133Ia 4500
008 240624s9999 xx 000 0 und d
041 _aeng
082 _a658 GAL
100 _aGALLUP
245 _aFIRST BREAK ALL THE RULES WHAT THE WORLDS
260 _c2016
_aNew Delhi
_bGallup Press
300 _a350 p.; 23 cm.
365 _cRS
_b30
999 _c29797
_d29797